|
|
|
|
| LEADER |
00000naa2a2200000 4500 |
| 001 |
265243 |
| 005 |
20231031223108.0 |
| 035 |
|
|
|a (RuTPU)RU\TPU\book\288244
|
| 035 |
|
|
|a RU\TPU\book\288237
|
| 090 |
|
|
|a 265243
|
| 100 |
|
|
|a 20140625d2012 k y0engy50 ba
|
| 101 |
0 |
|
|a eng
|
| 102 |
|
|
|a RU
|
| 200 |
1 |
|
|a Ecological problems of geotechnology
|f E. K. Spirin, L. V. Miskevich
|
| 225 |
1 |
|
|a Section 1. Chemical engineering and "Green technology"
|
| 320 |
|
|
|a References: p. 178 (7 tit.)
|
| 330 |
|
|
|a The given article considers the ecological problems of the geotechnological method of metal extraction from crude ore. The author also discusses the problem of further development of the geotechnological method with a view to low-waste processes and reduction of valuable components waste.
|
| 461 |
|
0 |
|0 (RuTPU)RU\TPU\book\270770
|t IFOST 2012
|o The 7th International Forum on Strategic Techology, September 17-21, 2012, Tomsk
|f National Research Tomsk Polytechnic University (TPU)
|d 2012
|
| 463 |
|
0 |
|0 (RuTPU)RU\TPU\book\269458
|t Vol. 1
|v P. 176-178
|d 2012
|p 809 p.
|
| 610 |
1 |
|
|a геотехнология
|
| 610 |
1 |
|
|a геотехнологические методы
|
| 610 |
1 |
|
|a экологические проблемы
|
| 610 |
1 |
|
|a развитие
|
| 610 |
1 |
|
|a малоотходные технологии
|
| 610 |
1 |
|
|a руда
|
| 610 |
1 |
|
|a металлы
|
| 610 |
1 |
|
|a труды учёных ТПУ
|
| 700 |
|
1 |
|a Spirin
|b E. K.
|c Specialist in the field of ecology and life safety
|c Professor of Yurga Institute of Technology, TPU Affiliate
|f 1935-
|g Eduard Konstantinovich
|2 stltpush
|3 (RuTPU)RU\TPU\pers\32224
|
| 701 |
|
1 |
|a Miskevich
|b L. V.
|g Leonid Vladimirovich
|
| 801 |
|
1 |
|a RU
|b 63413507
|c 20121128
|
| 801 |
|
2 |
|a RU
|b 63413507
|c 20140625
|g RCR
|
| 942 |
|
|
|c BK
|